Základné vlastnosti ďalekohľadov

Podrobná bibliografia
Médium: Článok
Jazyk:slovenčina
Fyzický popis:Obr.
ISSN:0231-8768
Predmet:

MARC

LEADER 00000nab a2200000 a 4500
001 vtls008417513
003 SK-MaSNL
005 20260304144243.0
008 250505c2005 xo mr|p|||||||000 b|slo
015 |a SNBRB2005/12  |2 snkbucl 
035 |a (uuid)e2a449e2-e474-4425-b54a-12ea79731a30 
035 |a urn:nbn:sk:snk-abesfe 
035 |a (urnnbn)urn:nbn:sk:snk:ar-006zj5 
038 |a SNKBUCL 
040 |a SNKBUCL  |b slo  |c SNKBUCL  |e AACR2 
041 0 |a slo 
044 |a xo  |c SK 
080 |a 681.7  |2 1997 
245 0 0 |a Základné vlastnosti ďalekohľadov 
300 |b Obr. 
500 |a Úryvok z knihy Tomáša Krivjanského Poľovnícke strelectvo 
650 0 7 |a puškové ďalekohľady  |2 snkbucl  |9 1045276 
773 0 |t Poľovníctvo a rybárstvo  |g Roč. 57, č. 9 (2005), s. 26-27  |x 0231-8768 
850 |a Slovenská národná knižnica 
852 |a Slovenská národná knižnica 
958 |a article27 
958 |a OND 
999 |c 2930244  |d 2932174